[Event "Vienna Chess Open 2019"]
[Site "Vienna"]
[Date "2019.08.18"]
[Round "3.6"]
[White "Miedema, David"]
[Black "Kiss, Balint"]
[Result "1-0"]
[WhiteElo "2371"]
[BlackElo "2200"]
[Annotator "NA"]
[PlyCount "85"]
[EventDate "2019.08.17"]
[EventType "swiss"]
[EventCountry "AUT"]
[SourceTitle "playchess.com"]
[Source "ChessBase"]
[SourceQuality "1"]
[TimeControl "40/5400+30:1800+30"]

1. e4 {[%emt 0:00:00]} e5 {[%emt 0:00:00]} 2. Nf3 {[%emt 0:00:00]} Nc6 {[%emt 0:00:00]} 3. Bb5 {[%emt 0:00:00]} a6 {[%emt 0:00:07]} 4. Ba4 {[%emt 0:00:00]} Nge7 {[%emt 0:00:28]} 5. O-O {[%emt 0:03:44]} g6 {[%emt 0:00:12]} 6. c3 {[%emt 0:00:05]} Bg7 {[%emt 0:00:35]} 7. d4 {[%emt 0:00:07]} exd4 {[%emt 0:00:35]} 8. cxd4 {[%emt 0:00:05]} b5 {[%emt 0:01:03]} 9. Bb3 {[%emt 0:00:05]} d6 {[%emt 0:01:17]} 10. Nc3 {[%emt 0:00:41]} O-O {[%emt 0:00:24]} 11. h3 {[%emt 0:00:26]} Na5 {[%emt 0:00:53]} 12. Bc2 {[%emt 0:00:07]} c5 {[%emt 0:02:50]} 13. d5 {[%emt 0:07:34]} b4 {[%emt 0:14:44]} 14. Ne2 {[%emt 0:00:51]} Nc4 {[%emt 0:04:02]} 15. Rb1 {[%emt 0:02:38]} a5 {[%emt 0:03:18]} 16. b3 {[%emt 0:00:54]} Nb6 {[%emt 0:06:38]} 17. Re1 {[%emt 0:04:18]} a4 {[%emt 0:02:09]} 18. bxa4 {[%emt 0:02:29]} Bd7 {[%emt 0:01:05]} 19. a3 {[%emt 0:00:04]} bxa3 {[%emt 0:01:36]} 20. Bxa3 {[%emt 0:00:14]} Nxa4 {[%emt 0:01:37]} 21. Bc1 {[%emt 0:00:47]} Nc3 {[%emt 0:06:20]} 22. Nxc3 {[%emt 0:02:02]} Bxc3 {[%emt 0:02:25]} 23. Re3 {[%emt 0:00:10]} Bg7 {[%emt 0:06:26]} 24. Reb3 {[%emt 0:02:15]} Ba4 {[%emt 0:10:37]} 25. Rb7 {[%emt 0:02:18]} Bxc2 {[%emt 0:00:12]} 26. Qxc2 {[%emt 0:00:03]} Nc8 {[%emt 0:00:43]} 27. Bf4 {[%emt 0:04:15]} Ra7 {[%emt 0:05:20]} 28. Rxa7 {[%emt 0:00:51]} Nxa7 {[%emt 0:00:02]} 29. Qa4 {[%emt 0:00:06]} Nc8 {[%emt 0:01:04]} 30. Rb7 {[%emt 0:02:08]} Qf6 {[%emt 0:00:47]} 31. e5 {[%emt 0:02:13]} dxe5 {[%emt 0:01:20]} 32. Bxe5 {[%emt 0:02:30]} Qf5 {[%emt 0:01:19]} 33. Bxg7 {[%emt 0:01:08]} Kxg7 {[%emt 0:00:03]} 34. Qc6 {[%emt 0:00:12]} Qf6 {[%emt 0:10:50]} 35. Qxc5 {[%emt 0:00:59]} Nd6 {[%emt 0:01:07]} 36. Rd7 {[%emt 0:01:56]} Ne4 {[%emt 0:02:46]} 37. Qe3 {[%emt 0:04:02]} Qa1+ {[%emt 0:05:29]} 38. Kh2 {[%emt 0:01:22]} Nf6 {[%emt 0:00:45]} 39. Ra7 {[%emt 0:01:19]} Qd1 {[%emt 0:01:13]} 40. Nd4 {[%emt 0:03:05]} Re8 {[%emt 0:03:09]} 41. Nf5+ {[%emt 0:31:23]} Kg8 {[%emt 0:33:25]} 42. Nh6+ {[%emt 0:01:07]} Kh8 {[%emt 0:00:08]} 43. Qc3 {[%emt 0:00:29]} 1-0

[Event "Vienna Chess Open 2019"]
[Site "Vienna"]
[Date "2019.08.18"]
[Round "3.6"]
[White "Pantzar, Milton"]
[Black "Hertneck, Gerald"]
[Result "0-1"]
[WhiteElo "2356"]
[BlackElo "2495"]
[Annotator "ChessBase"]
[PlyCount "70"]
[EventDate "2019.08.17"]
[EventType "swiss"]
[EventCountry "AUT"]
[SourceTitle "playchess.com"]
[Source "ChessBase"]
[SourceQuality "1"]
[TimeControl "40/5400+30:1800+30"]

1. d4 {[%emt 0:00:00]} d5 {[%emt 0:00:00]} 2. c4 {[%emt 0:00:00]} c6 {[%emt 0:00:00]} 3. Nf3 {[%emt 0:00:07]} Nf6 {[%emt 0:00:00]} 4. Nbd2 {[%emt 0:00:19]} Bf5 {[%emt 0:00:01]} 5. Nh4 {[%emt 0:00:45]} Be4 {[%emt 0:02:57]} 6. Qb3 {[%emt 0:01:09]} Qb6 {[%emt 0:00:55]} 7. f3 {[%emt 0:01:24]} Bg6 {[%emt 0:00:08]} 8. cxd5 {[%emt 0:00:58]} cxd5 {[%emt 0:00:49]} 9. Qxb6 {[%emt 0:00:19]} axb6 {[%emt 0:00:05]} 10. Nxg6 {[%emt 0:00:05]} hxg6 {[%emt 0:00:07]} 11. e3 {[%emt 0:00:20]} Nc6 {[%emt 0:00:17]} 12. Kf2 {[%emt 0:01:01]} e6 {[%emt 0:00:11]} 13. Bb5 {[%emt 0:02:06]} Bd6 {[%emt 0:00:07]} 14. h3 {[%emt 0:00:45]} Ke7 {[%emt 0:00:10]} 15. Nb3 {[%emt 0:09:49]} Na5 {[%emt 0:10:20]} 16. Nxa5 {[%emt 0:05:26]} bxa5 {[%emt 0:00:33]} 17. Bd3 {[%emt 0:04:42]} Rhc8 {[%emt 0:02:02]} 18. h4 {[%emt 0:10:36]} b5 {[%emt 0:04:11]} 19. g4 {[%emt 0:03:22]} b4 {[%emt 0:02:32]} 20. Bd2 {[%emt 0:08:46]} e5 {[%emt 0:02:26]} 21. dxe5 {[%emt 0:06:44]} Bxe5 {[%emt 0:00:11]} 22. Rab1 {[%emt 0:00:22]} Nd7 {[%emt 0:00:53]} 23. h5 {[%emt 0:04:48]} Nc5 {[%emt 0:01:05]} 24. Ke2 {[%emt 0:00:42]} Nxd3 {[%emt 0:02:25]} 25. Kxd3 {[%emt 0:00:06]} g5 {[%emt 0:01:08]} 26. Rhc1 {[%emt 0:14:59]} Rxc1 {[%emt 0:00:29]} 27. Rxc1 {[%emt 0:04:56]} Bxb2 {[%emt 0:00:50]} 28. Rc7+ {[%emt 0:02:23]} Ke6 {[%emt 0:00:10]} 29. e4 {[%emt 0:03:28]} dxe4+ {[%emt 0:03:15]} 30. Kxe4 {[%emt 0:00:03]} Bf6 {[%emt 0:01:47]} 31. Rc6+ {[%emt 0:07:14]} Kd7 {[%emt 0:00:12]} 32. Kd5 {[%emt 0:00:19]} Be7 {[%emt 0:00:19]} 33. Be3 {[%emt 0:05:08]} a4 {[%emt 0:01:05]} 34. Rb6 {[%emt 0:01:33]} b3 {[%emt 0:00:49]} 35. axb3 {[%emt 0:02:14]} a3 {[%emt 0:00:06]} 0-1

[Event "Vienna Chess Open 2019"]
[Site "Vienna"]
[Date "2019.08.18"]
[Round "3.7"]
[White "Buhmann, Rainer"]
[Black "Matt, Fabian"]
[Result "1/2-1/2"]
[WhiteElo "2574"]
[BlackElo "2271"]
[Annotator "ChessBase"]
[PlyCount "47"]
[EventDate "2019.08.17"]
[EventType "swiss"]
[EventCountry "AUT"]
[SourceTitle "playchess.com"]
[Source "ChessBase"]
[SourceQuality "1"]
[TimeControl "40/5400+30:1800+30"]

1. Nf3 {[%emt 0:00:00]} d5 {[%emt 0:00:00]} 2. d4 {[%emt 0:00:00]} c6 {[%emt 0:00:00]} 3. c4 {[%emt 0:00:00]} Nf6 {[%emt 0:00:00]} 4. e3 {[%emt 0:00:00]} Bf5 {[%emt 0:00:16]} 5. Nc3 {[%emt 0:00:00]} e6 {[%emt 0:00:06]} 6. Nh4 {[%emt 0:00:06]} Be4 {[%emt 0:00:15]} 7. f3 {[%emt 0:00:20]} Bg6 {[%emt 0:00:08]} 8. Be2 {[%emt 0:00:45]} Be7 {[%emt 0:06:01]} 9. O-O {[%emt 0:02:02]} Nbd7 {[%emt 0:01:06]} 10. cxd5 {[%emt 0:01:16]} cxd5 {[%emt 0:00:56]} 11. Qb3 {[%emt 0:05:36]} Qb8 {[%emt 0:06:10]} 12. g3 {[%emt 0:03:53]} O-O {[%emt 0:05:08]} 13. Bd2 {[%emt 0:01:59]} a6 {[%emt 0:05:42]} 14. a4 {[%emt 0:09:35]} Qd6 {[%emt 0:06:55]} 15. Na2 {[%emt 0:05:13]} e5 {[%emt 0:01:15]} 16. Rac1 {[%emt 0:05:33]} Rfe8 {[%emt 0:04:02]} 17. Rf2 {[%emt 0:06:52]} Rac8 {[%emt 0:08:38]} 18. Rxc8 {[%emt 0:06:44]} Rxc8 {[%emt 0:00:07]} 19. Nxg6 {[%emt 0:03:29]} hxg6 {[%emt 0:01:42]} 20. a5 {[%emt 0:09:32]} Rc7 {[%emt 0:16:00]} 21. Rf1 {[%emt 0:07:37]} Nf8 {[%emt 0:06:00]} 22. Rc1 {[%emt 0:02:21]} exd4 {[%emt 0:01:29]} 23. exd4 {[%emt 0:00:58]} Ne6 {[%emt 0:00:05]} 24. Rxc7 {[%emt 0:04:37]} 1/2-1/2

[Event "Vienna Chess Open 2019"]
[Site "Vienna"]
[Date "2019.08.18"]
[Round "3.7"]
[White "Cvitan, Ognjen"]
[Black "Ruff, Maximilian"]
[Result "1/2-1/2"]
[WhiteElo "2493"]
[BlackElo "2353"]
[Annotator "ChessBase"]
[PlyCount "51"]
[EventDate "2019.08.17"]
[EventType "swiss"]
[EventCountry "AUT"]
[SourceTitle "playchess.com"]
[Source "ChessBase"]
[SourceQuality "1"]
[TimeControl "40/5400+30:1800+30"]

1. Nf3 {[%emt 0:05:14]} Nf6 {[%emt 0:00:57]} 2. c4 {[%emt 0:03:13]} e6 {[%emt 0:00:29]} 3. g3 {[%emt 0:01:27]} d5 {[%emt 0:00:38]} 4. Bg2 {[%emt 0:00:06]} dxc4 {[%emt 0:01:35]} 5. Qa4+ {[%emt 0:00:13]} Bd7 {[%emt 0:01:47]} 6. Qxc4 {[%emt 0:00:10]} c5 {[%emt 0:00:52]} 7. Ne5 {[%emt 0:00:15]} Qc8 {[%emt 0:00:52]} 8. Nc3 {[%emt 0:00:26]} Nc6 {[%emt 0:01:47]} 9. Nxd7 {[%emt 0:00:08]} Qxd7 {[%emt 0:00:06]} 10. Qa4 {[%emt 0:02:02]} Rc8 {[%emt 0:10:58]} 11. O-O {[%emt 0:01:13]} b6 {[%emt 0:01:25]} 12. d3 {[%emt 0:00:34]} Be7 {[%emt 0:00:21]} 13. Rd1 {[%emt 0:00:24]} O-O {[%emt 0:01:16]} 14. Bd2 {[%emt 0:00:13]} Rfd8 {[%emt 0:02:18]} 15. Rac1 {[%emt 0:03:39]} Nd4 {[%emt 0:04:48]} 16. Qxd7 {[%emt 0:03:26]} Rxd7 {[%emt 0:00:04]} 17. Kf1 {[%emt 0:00:32]} h6 {[%emt 0:03:48]} 18. Be1 {[%emt 0:04:59]} Rcd8 {[%emt 0:02:45]} 19. h3 {[%emt 0:04:53]} Nf5 {[%emt 0:13:47]} 20. Bc6 {[%emt 0:04:56]} Rc7 {[%emt 0:02:36]} 21. Bg2 {[%emt 0:03:05]} Rcd7 {[%emt 0:00:24]} 22. b3 {[%emt 0:04:52]} Kf8 {[%emt 0:10:07]} 23. Nb5 {[%emt 0:03:58]} Nd4 {[%emt 0:00:46]} 24. Na3 {[%emt 0:01:56]} Nd5 {[%emt 0:01:57]} 25. Nc4 {[%emt 0:01:46]} Bf6 {[%emt 0:02:15]} 26. Bd2 {[%emt 0:03:31]} 1/2-1/2

[Event "Vienna Chess Open 2019"]
[Site "Vienna"]
[Date "2019.08.18"]
[Round "3.7"]
[White "Mesaros, Florian"]
[Black "Ibanez Aullana, Ramon"]
[Result "1-0"]
[WhiteElo "2420"]
[BlackElo "2316"]
[Annotator "TA"]
[PlyCount "111"]
[EventDate "2019.08.17"]
[EventType "swiss"]
[EventCountry "AUT"]
[SourceTitle "playchess.com"]
[Source "ChessBase"]
[SourceQuality "1"]

{[%evp 16,111,36,31,40,36,57,49,52,19,43,29,33,10,29,12,22,0,0,-20,39,39,43,33,61,0,0,0,0,0,0,0,0,0,0,0,1,-137,-119,-180,-182,-174,-169,-172,-169,-152,0,0,11,0,46,0,0,0,0,0,0,0,18,14,12,15,33,17,736,829,862,936,955,918,887,811,698,677,1141,1154,922,837,1454,1721,1816,641,618,499,477,419,758,2158,1972,879,2806,2551,1911,0,1286,875,5501,5493]} 1. d4 Nf6 2. c4 d6 3. Nc3 e5 4. Nf3 exd4 5. Nxd4 g6 6. g3 Bd7 7. Bg2 Nc6 8. Nc2 Bg7 9. O-O O-O {A29: English Opening: Four Knights Variation with 4 g3} 10. b3 Rb8 11. Bb2 a6 {White is slightly better.} 12. a4 $146 ({Predecessor:} 12. Ne3 Re8 13. Qd2 Ne5 14. Ncd5 b5 15. cxb5 axb5 16. Rac1 Nxd5 17. Nxd5 {1-0 (36) Zwirs,N (2419)-Koellner,C (2137) Schwaebisch Gmuend 2019}) 12... a5 13. Qd2 Re8 14. Rac1 Be6 15. Rfe1 Nd7 16. Rb1 Nc5 17. Ba1 Bf5 (17... Nb4 $11) 18. e4 $14 Be6 19. Re3 f5 20. Nd5 (20. Nb5 $14) 20... Bxa1 $11 21. Rxa1 {aiming for exf5.} fxe4 22. Bxe4 Ne5 $36 {[%mdl 2048] Black is more active.} 23. Bg2 Ng4 24. Rc3 c6 25. Nf4 Qf6 26. Rf3 (26. h3 $11 {remains equal.} Nh6 27. Qd4 (27. Nxe6 Rxe6 28. Rf3 Qg7 $11) 27... Qxd4 28. Nxd4) 26... Bf5 $17 {White must now prevent ...Bxc2.} 27. Nd4 (27. Rc3 $17) 27... Be4 $19 28. Nd5 Qg7 29. Rf4 {[#]} Bxg2 $1 ({Inferior is} 29... cxd5 30. Rxg4 Bxg2 31. Kxg2 $11) 30. Kxg2 {[#]} cxd5 $2 (30... Ne4 $1 $17 {[%cal Re4d2]} 31. Qb2 Ngxf2 32. Nf6+ Nxf6 33. Qxf2 Ne4) 31. Rxg4 $11 Re4 32. Rxe4 Nxe4 33. Qd3 Nc5 34. Qd1 dxc4 35. bxc4 Rf8 36. Nb5 Qf7 37. Qd5 Qxd5+ 38. cxd5 {[%mdl 4096] Endgame KRN-KRN} Rf6 39. Rc1 Rxf2+ $2 {[%mdl 8192]} (39... b6 $11) 40. Kxf2 $18 Nd3+ 41. Ke3 Nxc1 42. Nxd6 {KN-KN} b6 43. Kd4 Kf8 44. Nc8 b5 45. axb5 a4 46. b6 {Hoping for b7.} a3 47. Kc3 Nd3 48. Kb3 (48. Kxd3 $142 a2 49. b7) 48... Ke8 49. Nd6+ Kd7 50. Nb5 Kc8 (50... a2 $142 51. Kxa2 Kc8) 51. Nxa3 Kb7 52. Nc4 (52. Kc4 $142 Nc1 53. Kb5) 52... h5 53. Ka4 Ka6 54. Kb3 $2 ({White should play} 54. h4 $18 {d6 is the strong threat.} Nc5+ 55. Kb4 Nd3+ 56. Kc3) 54... g5 $2 {[%mdl 8192]} (54... Kb7 $11 55. Kc3 Nc5) 55. Kc3 Nf2 56. d6 {Accuracy: White = 48%, Black = 26%.} 1-0

[Event "Vienna Chess Open 2019"]
[Site "Vienna"]
[Date "2019.08.18"]
[Round "3.8"]
[White "Mons, Leon"]
[Black "Pali, Philipp"]
[Result "1-0"]
[WhiteElo "2559"]
[BlackElo "2266"]
[Annotator "TA"]
[PlyCount "121"]
[EventDate "2019.08.17"]
[EventType "swiss"]
[EventCountry "AUT"]
[SourceTitle "playchess.com"]
[Source "ChessBase"]
[SourceQuality "1"]

{[%evp 23,121,27,45,19,22,19,19,19,25,16,23,19,7,6,18,17,11,8,13,-24,0,-2,-5,0,0,-39,12,11,12,-8,38,43,41,27,36,30,43,43,78,83,80,0,82,79,85,87,92,86,85,87,83,83,75,0,0,0,0,0,0,0,0,0,0,0,0,0,0,0,0,0,8,8,8,8,25,41,16,8,8,8,435,410,584,584,4682,5061,4698,29956,8163,5102,2495,1576,29974,29975,29974,29975,29982,29983,29983,29984]} 1. e4 e6 2. d4 d5 3. Nd2 Nf6 4. e5 Nfd7 5. Bd3 c5 6. c3 Nc6 7. Ne2 cxd4 8. cxd4 f6 9. exf6 Nxf6 10. O-O Bd6 11. Nf3 Qc7 12. h3 O-O 13. Be3 {C06: French Tarrasch: 3...Nf6 4 e5 Nfd7 5 Bd3 main lines} Bd7 14. Re1 Be8 15. Ng5 {The position is equal.} Bf7 16. Qc2 {[%cal Rd3h7]} (16. Rc1 Kh8 17. a3 Bg8 18. b4 a6 19. g3 h6 20. Nf4 Bxf4 21. Bxf4 {1-0 (38) Navara,D (2729)-Michiels,B (2563) Wijk aan Zee 2015}) 16... h6 17. Bh7+ Kh8 18. Nxf7+ Qxf7 19. Bg6 Qd7 20. a3 $146 ({Predecessor:} 20. Rac1 Rac8 {0-1 (40) Kovacevic,A (2488)-Nikolovski,N (2391) Skopje 2018}) 20... Rac8 21. Nc3 Bb8 22. Qe2 e5 23. dxe5 $1 Nxe5 24. Bc2 $1 Rce8 (24... d4 $15 25. Rad1 Nc6) 25. Rad1 $11 Qc7 26. Nb5 Nf3+ 27. Qxf3 Qxc2 28. Qe2 $36 {[%mdl 2048] White has the initiative.} Qe4 29. Nc3 Qe5 {( -> ...Qh2+)} 30. g3 Ne4 31. Nxe4 dxe4 32. Rd7 (32. Qg4 $16) 32... Qf5 (32... Rf3 $1 $11 {keeps the balance.} 33. Red1 (33. Rxb7 Rxg3+ 34. fxg3 Qxg3+ {[%mdl 64] Double Attack} 35. Kh1 Qxh3+ 36. Kg1 Qg3+ 37. Kh1 Qh4+ 38. Kg1 Qg3+ 39. Kh1 Qh3+ 40. Kg1 Qg3+ $11) 33... Qh5) 33. Qg4 $16 ({Reject} 33. Rxb7 $6 Qxh3 34. Qf1 Qg4 $11) 33... Qxg4 34. hxg4 b6 35. Bd4 Be5 36. Bxe5 Rxe5 37. Rxa7 {[%mdl 4096] Endgame KRR-KRR} Rf3 38. b4 (38. Ra4 $16) 38... e3 $1 $11 {[%cal Re3f2]} 39. Rxe3 Rexe3 40. fxe3 Rxg3+ {KR-KR} 41. Kf2 Rxg4 42. Ra6 b5 43. Ra5 Rg5 44. e4 Kg8 45. Ke3 Kf7 46. Kf4 Rh5 47. a4 g5+ $1 48. Kf5 g4+ {[%mdl 64] [#] Decoy} 49. Kxg4 Rg5+ 50. Kf4 bxa4 51. e5 Ke6 $2 {[%mdl 8192]} (51... Rg1 $11 {and Black is okay.}) 52. Ra6+ $18 Kd5 (52... Kf7 $142 53. Rxa4 Rg1 54. Ra7+ Kg6 55. Ra6+ Kg7) 53. e6 Rg1 {[#]} 54. Kf5 $1 h5 55. e7 Re1 56. Kf6 h4 57. Rxa4 Kd6 58. Ra6+ {White mates.} Kd7 59. Ra7+ Ke8 60. Ra8+ Kd7 61. Rd8+ {Accuracy: White = 75%, Black = 47%.} 1-0

[Event "Vienna Chess Open 2019"]
[Site "Vienna"]
[Date "2019.08.18"]
[Round "3.8"]
[White "Gungl, Theo"]
[Black "Stanec, Nikolaus"]
[Result "0-1"]
[WhiteElo "2344"]
[BlackElo "2483"]
[Annotator "TA"]
[PlyCount "94"]
[EventDate "2019.08.17"]
[EventType "swiss"]
[EventCountry "AUT"]
[SourceTitle "playchess.com"]
[Source "ChessBase"]
[SourceQuality "1"]

{[%evp 12,94,43,32,35,20,41,15,21,15,19,17,21,18,24,16,52,25,20,25,29,20,27,27,42,19,27,6,29,10,10,16,31,0,0,0,-5,-22,-18,-18,-18,-18,-19,-20,-26,-12,-16,-46,-43,-34,-19,-33,-8,-57,-25,-29,-29,-31,-21,-38,-12,-79,-35,-174,-167,-202,-125,-186,-184,-197,-199,-315,-312,-300,-284,-328,-310,-471,-433,-654,-620,-1067,-1047,-29991,-741]} 1. d4 d6 2. e4 g6 3. c3 Nf6 4. Bd3 Bg7 5. Nf3 O-O 6. O-O Nc6 7. d5 Nb8 {B07: Pirc Defence: Miscellaneous Systems} 8. h3 e5 9. dxe6 Bxe6 {The position is equal.} 10. Be3 $146 (10. Nd4 Nbd7 11. Bg5 h6 12. Bxf6 Qxf6 13. f4 Nc5 14. Bc2 Bc4 15. Rf3 {1-0 (73) Tiviakov,S (2605)-Le Roux,J (2542) St Clement Bay 2019}) 10... Re8 11. Nbd2 {[%cal Bb1d2,Bd2b3,Bb3d4][%mdl 32]} Nc6 12. Re1 Nh5 13. Nb3 h6 14. Nbd4 Bd7 15. Qd2 Kh7 16. Qc2 Ne5 17. Be2 Nf6 18. Nxe5 dxe5 19. Nb3 Bc6 20. Bf3 b6 21. Nd2 Qe7 22. Nf1 Rad8 23. Rad1 h5 24. Bg5 Bh6 25. Bxh6 Kxh6 26. Ne3 Rxd1 27. Rxd1 Rd8 28. Rxd8 Qxd8 29. Nd5 Bxd5 30. exd5 Qd6 31. c4 a5 32. b3 Nd7 33. Qd2+ Kg7 34. g3 f5 35. Bg2 Qf6 36. Kh2 (36. a3 $11) 36... h4 37. Bf3 (37. gxh4 $1 $15 Qxh4 38. d6) 37... e4 38. Be2 Qe5 39. Kg2 (39. Qe3 $17) 39... hxg3 $19 40. fxg3 e3 41. Qc2 (41. Qc1 $142) 41... Nc5 {Strongly threatening ...Ne4.} 42. Bf3 Kf6 43. h4 Qd4 44. h5 (44. Kf1 $142) 44... gxh5 {[%mdl 64] [#] Overworked Piece} 45. Bxh5 (45. Qd1 $142 Qd2+ 46. Qxd2 exd2 47. Kf2) 45... Ne4 46. Kf3 Qe5 47. Qh2 {[#]} Ng5+ {Accuracy: White = 26%, Black = 51%.} (47... e2 $142 $1 {[%mdl 512]} 48. Qg1 (48. Kxe2 Qb2+) 48... Ng5+ 49. Kg2 e1=Q 50. Qxe1 Qxe1 51. Bf3 Qd2+ {[%mdl 64] Double Attack} 52. Kf1 Nxf3 53. a3 Qe1+ {[%mdl 64] Double Attack} 54. Kg2 Qe2+ 55. Kh3 Qh2#) 0-1

[Event "Vienna Chess Open 2019"]
[Site "Vienna"]
[Date "2019.08.18"]
[Round "3.8"]
[White "Yao, Lan"]
[Black "Ravi, Teja S."]
[Result "0-1"]
[WhiteElo "2320"]
[BlackElo "2420"]
[Annotator "TA"]
[PlyCount "100"]
[EventDate "2019.08.17"]
[EventType "swiss"]
[EventCountry "AUT"]
[SourceTitle "playchess.com"]
[Source "ChessBase"]
[SourceQuality "1"]

{[%evp 15,100,16,20,12,50,31,29,22,35,20,30,0,0,0,0,-22,-17,-14,0,-9,0,-16,-10,-27,-27,-43,-10,-39,-39,-29,-37,-28,-12,-150,-150,-132,-145,-175,-180,-275,-234,-265,-247,-350,-349,-297,-191,-284,-290,-293,-291,-297,-264,-279,-291,-316,-307,-446,-432,-458,-444,-445,-426,-843,-822,-938,-908,-1173,-1152,-1123,-1007,-1506,-1251,-4810,-4705,-4902,-4391,-3591,-3182,-29971,-12257,-29989,-29986,-29986,-29986,-29985,-29986]} 1. e4 c6 2. d4 d5 3. Nd2 dxe4 4. Nxe4 Nf6 5. Nxf6+ exf6 6. c3 Bd6 7. Bd3 O-O 8. Ne2 Re8 9. Qc2 {B15: Caro-Kann: 3 Nc3: 3...g6 and 3...dxe4 4 Nxe4 Nf6 5 Nxf6+ exf6} h5 (9... f5 $5) (9... h6 10. O-O Qc7 11. Ng3 Nd7 12. Be3 Nf8 13. Rae1 Be6 14. Qd2 Bxg3 15. hxg3 Bxa2 16. c4 b5 17. cxb5 Bd5 18. Rc1 {½-½ (31) Sjugirov,S (2663)-Li,C (2724) Qinhuangdao 2018}) 10. Be3 Nd7 11. O-O-O {White has an edge.} Nf8 12. h3 Be6 13. Kb1 b5 14. g4 h4 15. Rhg1 $146 ({Predecessor:} 15. Be4) 15... Bh2 16. Rh1 Bc7 17. Rhg1 Qd5 18. Nc1 a5 19. Ka1 a4 20. Be4 Qd7 {next ...Bb3! is good for Black.} 21. Kb1 Ng6 22. f3 Bd5 23. Nd3 Qe6 24. Bxd5 (24. Nc5 $1 $11 {was the only way to keep the balance.} Qd6 25. Bc1) 24... Qxd5 $17 25. Bc1 Qxf3 26. Rdf1 Qxh3 27. g5 (27. Qd1 $142) 27... fxg5 $19 28. Bxg5 Bg3 29. Nf4 (29. Qd1 $142) 29... Nxf4 30. Bxf4 Qg4 31. Qd3 (31. Bxg3 {was called for.} hxg3 32. Qd3) 31... Qe2 32. Qxe2 Rxe2 33. Bxg3 hxg3 34. Rxg3 {[%mdl 4096] Endgame KRR-KRR} Rae8 35. Rfg1 g6 36. Rg5 (36. c4 $142) 36... Rd2 37. R5g2 Rxg2 38. Rxg2 {KR-KR} Kg7 39. Rg5 (39. Kc2 $142 f5 40. Kd3) 39... f5 40. Rg2 Kf6 41. Kc2 f4 42. b3 axb3+ 43. axb3 Kf5 44. Kd2 g5 45. Rh2 f3 46. Rh7 Kf4 47. Rh6 f2 48. Rxc6 Kf5 {Black mates.} 49. Rc7 Kf6 50. Rc6+ Kg7 {Accuracy: White = 21%, Black = 88%.} 0-1

[Event "Vienna Chess Open 2019"]
[Site "Vienna"]
[Date "2019.08.18"]
[Round "3.9"]
[White "Gumularz, Szymon"]
[Black "Pieper, Thomas"]
[Result "1/2-1/2"]
[WhiteElo "2501"]
[BlackElo "2234"]
[Annotator "ChessBase"]
[PlyCount "47"]
[EventDate "2019.08.17"]
[EventType "swiss"]
[EventCountry "AUT"]
[SourceTitle "playchess.com"]
[Source "ChessBase"]
[SourceQuality "1"]
[TimeControl "40/5400+30:1800+30"]

1. e4 {[%emt 0:00:00]} c5 {[%emt 0:00:00]} 2. Ne2 {[%emt 0:00:00]} d6 {[%emt 0:00:00]} 3. g3 {[%emt 0:00:00]} Nc6 {[%emt 0:00:56]} 4. Bg2 {[%emt 0:00:04]} g6 {[%emt 0:02:11]} 5. c3 {[%emt 0:00:07]} Bg7 {[%emt 0:01:57]} 6. d4 {[%emt 0:00:06]} Qb6 {[%emt 0:07:00]} 7. d5 {[%emt 0:05:10]} Nb8 {[%emt 0:04:51]} 8. O-O {[%emt 0:00:54]} Nf6 {[%emt 0:02:08]} 9. c4 {[%emt 0:12:15]} O-O {[%emt 0:02:21]} 10. Nbc3 {[%emt 0:00:05]} Re8 {[%emt 0:08:41]} 11. h3 {[%emt 0:08:45]} e6 {[%emt 0:01:23]} 12. b3 {[%emt 0:05:32]} exd5 {[%emt 0:00:35]} 13. exd5 {[%emt 0:00:04]} h5 {[%emt 0:17:57]} 14. Be3 {[%emt 0:03:25]} Bf5 {[%emt 0:03:30]} 15. Rc1 {[%emt 0:03:15]} Nbd7 {[%emt 0:05:42]} 16. Qd2 {[%emt 0:04:54]} Ne5 {[%emt 0:03:19]} 17. f3 {[%emt 0:04:59]} Bd3 {[%emt 0:16:28]} 18. f4 {[%emt 0:02:59]} Bxe2 {[%emt 0:01:44]} 19. Nxe2 {[%emt 0:01:10]} Ned7 {[%emt 0:00:11]} 20. Qd3 {[%emt 0:07:35]} Re7 {[%emt 0:00:54]} 21. Bf2 {[%emt 0:00:27]} Rae8 {[%emt 0:00:20]} 22. Nc3 {[%emt 0:00:19]} Qd8 {[%emt 0:05:48]} 23. Bf3 {[%emt 0:04:05]} Bh6 {[%emt 0:00:38]} 24. h4 {[%emt 0:07:41]} 1/2-1/2

[Event "Vienna Chess Open 2019"]
[Site "Vienna"]
[Date "2019.08.18"]
[Round "3.9"]
[White "Janik, Igor"]
[Black "Akesson, Ralf"]
[Result "0-1"]
[WhiteElo "2483"]
[BlackElo "2348"]
[Annotator "ChessBase"]
[PlyCount "56"]
[EventDate "2019.08.17"]
[EventType "swiss"]
[EventCountry "AUT"]
[SourceTitle "playchess.com"]
[Source "ChessBase"]
[SourceQuality "1"]
[TimeControl "40/5400+30:1800+30"]

1. d4 {[%emt 0:00:00]} Nf6 {[%emt 0:02:05]} 2. c4 {[%emt 0:00:00]} e6 {[%emt 0:00:09]} 3. Nf3 {[%emt 0:00:00]} d5 {[%emt 0:00:41]} 4. g3 {[%emt 0:00:00]} Bb4+ {[%emt 0:00:22]} 5. Nbd2 {[%emt 0:00:02]} dxc4 {[%emt 0:02:34]} 6. Bg2 {[%emt 0:00:10]} b5 {[%emt 0:08:29]} 7. O-O {[%emt 0:00:12]} a5 {[%emt 0:04:34]} 8. a3 {[%emt 0:03:49]} Bxd2 {[%emt 0:03:43]} 9. Bxd2 {[%emt 0:03:33]} Bb7 {[%emt 0:02:49]} 10. b3 {[%emt 0:01:53]} Nbd7 {[%emt 0:02:04]} 11. a4 {[%emt 0:03:53]} cxb3 {[%emt 0:01:59]} 12. axb5 {[%emt 0:02:29]} a4 {[%emt 0:01:11]} 13. Bb4 {[%emt 0:01:04]} Qb8 {[%emt 0:08:36]} 14. Ba3 {[%emt 0:22:10]} Be4 {[%emt 0:06:01]} 15. d5 {[%emt 0:00:28]} Bxd5 {[%emt 0:03:41]} 16. Nd4 {[%emt 0:00:48]} Bxg2 {[%emt 0:02:22]} 17. Kxg2 {[%emt 0:01:07]} e5 {[%emt 0:07:36]} 18. Nf5 {[%emt 0:00:39]} g6 {[%emt 0:00:55]} 19. Ng7+ {[%emt 0:04:30]} Kd8 {[%emt 0:00:08]} 20. Qd3 {[%emt 0:02:39]} Qb7+ {[%emt 0:03:03]} 21. f3 {[%emt 0:00:09]} Rg8 {[%emt 0:01:58]} 22. Rac1 {[%emt 0:01:29]} Rxg7 {[%emt 0:06:32]} 23. Rc6 {[%emt 0:03:07]} Rb8 {[%emt 0:04:25]} 24. Rxf6 {[%emt 0:00:31]} Qxb5 {[%emt 0:00:11]} 25. Qd2 {[%emt 0:00:05]} Kc8 {[%emt 0:01:52]} 26. Qh6 {[%emt 0:00:27]} Nxf6 {[%emt 0:02:29]} 27. Qxg7 {[%emt 0:00:05]} Rb6 {[%emt 0:01:20]} 28. Qxf7 {[%emt 0:00:07]} b2 {[%emt 0:02:07]} 0-1